000 00300nam a22001217a 4500
008 181106b xxu||||| |||| 00| 0 eng d
041 _aeng
080 _a159.9
100 _a48
101 _aPSI
245 _aMind,Mood,and Medicine A Guide to the New Biopsychiatry
_cWender,P.H
942 _2udc
_cBK
999 _c51998
_d51998